| 000 | 00533cam a22002291 4500 | ||
|---|---|---|---|
| 001 | 7335082 | ||
| 005 | 20180127033216.0 | ||
| 008 | 720901s1926 xx 000 0 eng | ||
| 010 | _a 28003319 | ||
| 035 | _a(OCoLC)398005 | ||
| 040 |
_aDLC _cODaWU _dDLC |
||
| 041 | _aeng | ||
| 042 | _apremarc | ||
| 080 | _a941 | ||
| 082 | _2941 TRE | ||
| 100 | 1 | _a16 | |
| 101 | _aHIS | ||
| 245 | 1 | 0 | _aHistory of England. |
| 504 | _aContains bibliographies. | ||
| 906 |
_a7 _bcbc _coclcrpl _du _encip _f19 _gy-gencatlg |
||
| 942 |
_2ddc _cBK |
||
| 999 |
_c41067 _d41067 |
||